| 000 | 00368 a2200157 4500 | ||
|---|---|---|---|
| 999 |
_c12217 _d12217 |
||
| 003 | OSt | ||
| 005 | 20231228164223.0 | ||
| 008 | 231228b ||||| |||| 00| 0 eng d | ||
| 020 | _a9788968010644 | ||
| 082 | _a729 | ||
| 100 | _aDAMDI | ||
| 245 |
_aSow design seed in your mind 4: _blifestyle design |
||
| 260 |
_bDAMDI _c2017 |
||
| 300 | _a111pages: | ||
| 942 | _2ddc | ||